| 000 | 00869nam a22002057a 4500 | ||
|---|---|---|---|
| 999 |
_c11909 _d11909 |
||
| 003 | AR-CdUCM | ||
| 008 | 190405b ||||| |||| 00| 0 spa d | ||
| 040 |
_aMUNICIPALIDAD PROVINCIAL DEL CUSCO _cBIBLIOTECA MUNICIPAL DEL CUSCO |
||
| 082 |
_a284 / _bG91 / 1929 |
||
| 100 |
_aGuillén, M. L. _929515 |
||
| 245 |
_aGran campaña protestante contra la iglesia católica : _bOrganización, planes y difusión del protestantismo norteamericano en la américa española / |
||
| 260 |
_aTexas : _bRevista católica, _c1929. |
||
| 300 |
_a231 páginas ; _c18 cm. |
||
| 505 | _aContenido : Introducción -- Organización de la campaña -- Estado mayor de las fuerzas -- Reparto territorial -- Estadísticas generales ... | ||
| 650 |
_aPsicología _91538 |
||
| 650 |
_aProtestantismo _96648 |
||
| 650 |
_aCatólica _929516 |
||
| 942 |
_2ddc _cLIBROS |
||
| 945 |
_arah _d05/04/2019 |
||